Ballons d'or (A-Z) - Statistiques

Statistiques générales
  • Ce quiz a été pris 309 fois
  • Le résultat moyen est 15 sur 19
Statistiques - réponses
Nationalité Ballon d'or Joueur % Correct
R Portugal 2008 ; 2013 ; 2014 ; 2016 Cristiano Ronaldo
98%
M Argentine 2009 ; 2010 ; 2011 ; 2012 ; 2015 Lionel Messi
98%
Z France 1998 Zinédine Zidane
96%
P France 1983 ; 1984 ; 1985 Michel Platini
93%
F Portugal 2000 Luís Figo
91%
O Angleterre 2001 Michael Owen
90%
W Libéria 1995 George Weah
89%
N République tchèque 2003 Pavel Nedvěd
89%
E Portugal 1965 Eusébio
86%
C Pays-Bas 1971 ; 1973 ; 1974 Johan Cruyff
84%
B Allemagne 1972 ; 1976 Franz Beckenbauer
83%
V Pays-Bas 1988 ; 1989 ; 1992 Marco van Basten
81%
G Pays-Bas 1987 Ruud Gullit
75%
Y Russie 1963 Lev Yachine
72%
D Espagne 1957 ; 1959 Alfredo Di Stéfano
69%
S Allemagne 1996 Matthias Sammer
51%
K Angleterre 1978 ; 1979 Kevin Keegan
46%
L Ecosse 1964 Denis Law
34%
A Hongrie 1967 Flórián Albert
28%
Aucun quiz correspondant
Distribution des résultats
% des personnes avec chaque résultat
Percentile par nombre de réponses
Votre historique - résultats
Vous n’avez pas pris ce quiz